| 000 | 00469nam a2200169Ia 4500 | ||
|---|---|---|---|
| 999 |
_c26880 _d26880 |
||
| 003 | OSt | ||
| 005 | 20211030104740.0 | ||
| 008 | 190216s9999||||xx |||||||||||||| ||und|| | ||
| 040 | _coclc | ||
| 082 |
_a894.8121 _bPOO/J |
||
| 100 |
_aPoonthanam _97726 |
||
| 245 | 0 |
_aJnaanappaana / _cPoonthanam |
|
| 260 |
_bPoorna Publication, _c1987. _aKozhikode: |
||
| 300 | _a64p | ||
| 650 | _aKavithkal | ||
| 942 |
_cBK _2ddc _h894.8121 _iPOO/J _k894.8121 _mPOO/J |
||